000 00374nam a22001337a 4500
020 _a471124151
050 _aQC450
_b.T67
245 _aTopics in Organic Mass Spectrometry/
_cEdited by A.L. Burlingame
260 _aNew York
_bJohn Wiley and Sons, Inc.
_c1970
300 _axi, 471p.
500 _aIncludes Index
650 _bTopics in Organic Mass Spectrometry
942 _cGEN
999 _c2328
_d2328